Kürschners Graphiker-Handbuch : Deutschland, Österreich, Schweiz. Graphiker, Illustratoren, Karikaturisten, Gebrauchsgraphiker, Typographen, Buchgestalter.

Bibliographic Details
Main Author: Kürschner, Joseph.
Other Authors: Fergg-Frowein, Charlotte.
Format: eBook
Language:German
Published: Berlin/Boston : Walter de Gruyter GmbH, 1959.
Edition:1st ed.
Subjects:
Online Access:Click to View
LEADER 01538nam a22003493i 4500
001 EBC7014976
003 MiAaPQ
005 20240729202203.0
006 m o d |
007 cr cnu||||||||
008 240729s1959 xx o ||||0 ger d
020 |a 9783111642673  |q (electronic bk.) 
035 |a (MiAaPQ)EBC7014976 
035 |a (Au-PeEL)EBL7014976 
035 |a (OCoLC)1330932413 
040 |a MiAaPQ  |b eng  |e rda  |e pn  |c MiAaPQ  |d MiAaPQ 
100 1 |a Kürschner, Joseph. 
245 1 0 |a Kürschners Graphiker-Handbuch :  |b Deutschland, Österreich, Schweiz. Graphiker, Illustratoren, Karikaturisten, Gebrauchsgraphiker, Typographen, Buchgestalter. 
250 |a 1st ed. 
264 1 |a Berlin/Boston :  |b Walter de Gruyter GmbH,  |c 1959. 
264 4 |c {copy}1959. 
300 |a 1 online resource (380 pages) 
336 |a text  |b txt  |2 rdacontent 
337 |a computer  |b c  |2 rdamedia 
338 |a online resource  |b cr  |2 rdacarrier 
588 |a Description based on publisher supplied metadata and other sources. 
590 |a Electronic reproduction. Ann Arbor, Michigan : ProQuest Ebook Central, 2024. Available via World Wide Web. Access may be limited to ProQuest Ebook Central affiliated libraries.  
655 4 |a Electronic books. 
700 1 |a Fergg-Frowein, Charlotte. 
776 0 8 |i Print version:  |a Kürschner, Joseph  |t Kürschners Graphiker-Handbuch  |d Berlin/Boston : Walter de Gruyter GmbH,c1959 
797 2 |a ProQuest (Firm) 
856 4 0 |u https://ebookcentral.proquest.com/lib/matrademy/detail.action?docID=7014976  |z Click to View